|
|
|
|
| LEADER |
02193nam a2200541 i 4500 |
| 001 |
nkc20183008252 |
| 003 |
CZ PrNK |
| 005 |
20230303100016.0 |
| 007 |
ta |
| 008 |
180709s2018 xr a e c 000 0dcze |
| 020 |
|
|
|a 978-80-7437-256-8
|q (Karel Kerlický - KANT ;
|q brožováno)
|
| 040 |
|
|
|a OLA001
|b cze
|d ABA001
|e rda
|
| 041 |
1 |
|
|a cze
|a eng
|h cze
|
| 043 |
|
|
|a e-xr---
|
| 045 |
|
|
|a x6y0
|
| 072 |
|
7 |
|a 72/76
|x Výtvarné umění
|2 Konspekt
|9 21
|
| 080 |
|
|
|a 72/76(437.3)
|2 MRF
|
| 080 |
|
|
|a 7.036/.038
|2 MRF
|
| 080 |
|
|
|a (437.3)
|2 MRF
|
| 080 |
|
|
|a (083.824)
|2 MRF
|
| 100 |
1 |
|
|a Pištěk, Theodor,
|d 1932-2025
|7 jn19990209656
|4 art
|
| 245 |
1 |
0 |
|a Theodor Pištěk :
|b konec lesa
|
| 246 |
3 |
0 |
|a Konec lesa
|
| 264 |
|
1 |
|a Klatovy :
|b Galerie Klatovy-Klenová, příspěvková organizace Plzeňského kraje, spolu s nakladatelstvím KANT,
|c 2018
|
| 300 |
|
|
|a 48 stran :
|b ilustrace (převážně barevné) ;
|c 21 x 23 cm
|
| 336 |
|
|
|a text
|b txt
|2 rdacontent
|
| 337 |
|
|
|a bez média
|b n
|2 rdamedia
|
| 338 |
|
|
|a svazek
|b nc
|2 rdacarrier
|
| 500 |
|
|
|a Katalog ke stejnojmenné výstavě, která se konala od 8.6.- 19.8. 2018 v Galeriii U Bílého jednorožce v Klatovech a na podzim 2018 v Galerii Zlatá husa v Praze
|
| 500 |
|
|
|a Životopisná data, přehled výstav a zastoupení ve sbírkách
|
| 546 |
|
|
|a Souběžný anglický text
|
| 600 |
1 |
7 |
|a Pištěk, Theodor,
|d 1932-2025
|7 jn19990209656
|2 czenas
|
| 648 |
|
4 |
|a 1962-2010
|
| 648 |
|
7 |
|a 20.-21. století
|7 ch462155
|2 czenas
|
| 650 |
0 |
7 |
|a české výtvarné umění
|7 ph116865
|y 20.-21. století
|2 czenas
|
| 650 |
0 |
7 |
|a moderní umění
|7 ph115340
|z Česko
|2 czenas
|
| 650 |
0 |
9 |
|a Czech art
|y 20th-21st centuries
|2 eczenas
|
| 650 |
0 |
9 |
|a modern art
|z Czechia
|2 eczenas
|
| 655 |
|
7 |
|a katalogy výstav
|7 fd132536
|2 czenas
|
| 655 |
|
9 |
|a exhibition catalogs
|2 eczenas
|
| 710 |
2 |
|
|a Galerie U Bílého jednorožce (Klatovy, Česko)
|7 kn20020923005
|4 orm
|
| 710 |
2 |
|
|a Galerie Zlatá husa (Praha, Česko)
|7 kn20050819003
|4 orm
|
| 910 |
2 |
|
|a BOA001
|b 2-1410.959
|
| 928 |
9 |
|
|a KANT
|
| 990 |
|
|
|a BK
|
| 995 |
|
|
|a 11
|
| 991 |
|
|
|b 201807
|c NOV
|
| 996 |
6 |
|
|b 2610749933
|c 2-1410.959
|l MZK
|r Sklad / do 1 hodiny
|n 1
|p p.v.
|w 001675614
|u 000010
|a 1
|e BOA001
|j MZK50
|s P
|